000 00249nam a2200109Ia 4500
008 190216s9999||||xx |||||||||||||| ||und||
100 _aKunhi Kuttan Thamburan
245 0 _aGadhyamanjary
260 _bNull
650 _aEssay Malayalam
942 _cBK
999 _c25408
_d25408